[Event "Villa Martelli Panno 70-B"]
[Site "Villa Martelli"]
[Date "2023.05.13"]
[Round "5"]
[White "Villegas, Franco"]
[Black "Villarreal, Agustin"]
[Result "0-1"]
[WhiteElo "2355"]
[BlackElo "2299"]
[PlyCount "60"]
[EventDate "2023.05.09"]
[EventType "tourn"]
[EventRounds "9"]
[EventCountry "ARG"]
[EventCategory "3"]
[SourceTitle "CBM 214 Extra"]
[Source "ChessBase"]
[SourceDate "2023.07.31"]
[SourceVersion "1"]
[SourceVersionDate "2023.07.31"]
[SourceQuality "1"]

1. e4 e5 2. Nf3 Nc6 3. Bb5 a6 4. Ba4 Nf6 5. 0-0 Be7 6. Re1 b5 7. Bb3 0-0 8. d3 d6 9. Nc3 Na5 10. Bd2 Nxb3 11. axb3 Bb7 12. b4 Nd7 13. h3 f5 14. exf5 Rxf5 15. Ne4 Kh8 16. Qe2 Qe8 17. Nfg5 Bxg5 18. Nxg5 Qg6 19. h4 Raf8 20. h5 Qf6 21. Ne4 Qh4 22. g3 Qh3 23. Qf1 Qxh5 24. Qg2 Rxf2 25. Qxf2 Rxf2 26. Nxf2 Qf3 27. Kf1 Qg2+ 28. Ke2 Bf3+ 29. Ke3 Nf6 30. c4 Qxg3 0-1

[Event "ARG-ch sf 98th"]
[Site "Buenos Aires"]
[Date "2023.05.07"]
[Round "9"]
[White "Zuriel, Marisa"]
[Black "Villarreal, Agustin"]
[Result "1/2-1/2"]
[WhiteElo "2126"]
[BlackElo "2292"]
[PlyCount "39"]
[EventDate "2023.04.29"]
[EventType "swiss"]
[EventRounds "9"]
[EventCountry "ARG"]
[SourceTitle "EXT 2024"]
[Source "ChessBase"]
[SourceDate "2023.10.10"]
[SourceVersion "1"]
[SourceVersionDate "2023.10.10"]
[SourceQuality "1"]

1. e4 e5 2. Nf3 Nc6 3. Bc4 Nf6 4. d3 h6 5. 0-0 d6 6. a4 g5 7. a5 a6 8. c3 Bg7 9. Nbd2 Qe7 10. h3 g4 11. hxg4 Bxg4 12. Re1 Nh5 13. Nf1 Rg8 14. N1h2 Bd7 15. d4 Bf8 16. d5 Nd8 17. Kh1 Qf6 18. b4 Be7 19. Bf1 Qg6 20. c4 1/2-1/2